000 00501nam a22001817a 4500
003 OSt
008 251121b |||||||| |||| 00| 0 eng d
082 _a891.435
_bS94L
245 _aLock Aaradhana ki Abhivyakti, Khand- 3
250 _a1st ed.
260 _aUP
_bSuchana evam Jansampark Vibhag
_c2024
300 _a234p.
650 _aLiterature
650 _aLiteratures of Other Specific Languages and Languages Families
650 _aHindi Literatures
650 _aSpeeches
942 _2ddc
_cHB
999 _c49211
_d49211